Normal view
MARC view
Entry Topical Term
001 - CONTROL NUMBER
- control field: 42414
003 - CONTROL NUMBER IDENTIFIER
- control field: dpl
005 - DATE AND TIME OF LATEST TRANSACTION
- control field: 20120217110931.0
008 - FIXED-LENGTH DATA ELEMENTS
- fixed length control field: 120217|||a|||||| | ||| d
040 ## - CATALOGING SOURCE
- Original cataloging agency: dpl
- Transcribing agency: dpl
150 ## - HEADING--TOPICAL TERM
- Topical term or geographic name as entry element: Gernal knowledge
670 ## - SOURCE DATA FOUND
- Source citation: Work cat.: (dpl)39016: R. Gupta's popular master guide bank of baroda P.O. probationary Officer /, 2011
670 ## - SOURCE DATA FOUND
- Source citation: Work cat.: (dpl)39016: R. Gupta's popular master guide bank of baroda P.O. probationary Officer /, 2011
